| 000 | 01704nam1a2200337 4500 | ||
|---|---|---|---|
| 001 | RU\NLR\BIBL_A\010830990 | ||
| 005 | 20260406100445.0 | ||
| 010 |
_a978-5-7864-0209-5 _9500 |
||
| 035 | _a(NLR Aleph) 010830990 | ||
| 090 |
_a10288585 _c10288585 |
||
| 100 | _a20150805d2015 k y0rusy50 ca | ||
| 101 | 0 |
_aeng _drus |
|
| 102 | _aRU | ||
| 105 | _a||||j ||||| | ||
| 200 | 1 |
_aTextbook of human anatomy _efor medical students _eучебное пособие для студентов медицинских вузов, обучающихся на английском языке _ein 2 vol. _fM.R. Sapin, L.I. Kolesnikov, D.B. Nikitjuk |
|
| 205 | _a[2nd ed.] | ||
| 210 |
_aMoscow _cNew wave _d2015 |
||
| 215 | _d22 | ||
| 300 | _aВ вып. дан.: Анатомия человека: учебное пособие для студентов медицинских вузов / М.Р. Сапин, Л.Л. Колесников, Д.Б. Никитюк | ||
| 300 | _aРез. на англ. яз. | ||
| 517 | 1 |
_aАнатомия человека _eучебное пособие для студентов медицинских вузов |
|
| 606 | 1 |
_aЧеловек _jУчебные издания для высших учебных заведений _xАнатомия _92080069 _3RU\NLR\AUTH\661255980 |
|
| 686 | 1 | _aЕ860я732Р | |
| 700 | 1 |
_7ba _8rus _aSapin _bM. R. _f1925-2015 _gMichail Romanovič _3RU\NLR\AUTH\770288923 _92693646 |
|
| 701 | 1 |
_aKolesnikov _bL. L. _gLev L'vovič |
|
| 701 | 1 |
_7ba _8rus _aNikitjuk _bD. B. _f1962- _gDmitrij Borisovič _3RU\NLR\AUTH\770183153 _9183102 |
|
| 852 |
_aNLR _j2015-5/354 |
||
| 942 | _cBOOK | ||
| 980 | _aNB | ||